00798nam a2200229 a 450000100060000000300080000600500170001400800410003103500190007204000320009104100080012308200310013110000280016224500990019026000640028930000240035350000730037750000200045050400420047065000350051265000210054733364BD-RjUL20211209052008.0140507s1983 bg b 001 0 eng d a(BD-RjUL)33455 aDLCcDLCdDLCdBD-RjULbeng aeng00a320.80954922219bAHB 19832 aSharfuddin Ahmed, A. B.00aBizna :ba study of power-structure in contemporary rural Bangladesh /cA.B. Sharfuddin Ahmed. aDhaka, Bangladesh :bBangladesh Books International,c1983. ax, 224 p. ;c23 cm. aRevision of the author's thesis (Ph. D.--University of Bombay, 1979) aIncludes index. aBibliography: p. [203]-214. and Index 0aVillageszBangladeshzComilla. 0aCommunity power.